00721nam a2200229 a 4500001001300000003000900013005001700022008004100039020001000080082001600090245002100106260006000127300000800187500003500195505004200230650002700272710004500299902000800344942000700352952011700359999001500476nice12345678IN_TiNIC20260116012540.0050524s0000 beia grp 000 0 eng  ac10000a207.11bNEA aEmmau Furlonbgs. aBeirutbNear East Council of Churches Study Prog c0000 a15p aincludes index and biblioraphy2 aacc no.1113,vision press ltd, london. aTheological-Seminaries2 aNear East Council of Churches Study Prog bSRS cBK 001040708StackRoom-aHMIbHMId2008-08-01g100.00l0o207.11 NEAp012927r2008-08-01v100.00w2005-05-24yBK c7425d7425